000 01445nac a22002651u 4500
010 _a 84601704
082 _a621.90209
_bZ18
090 _c4289
_d4289
100 _aZagorskiĭ, F. N.
245 1 3 _aAn outline of the history of metal cutting machines to the middle of the 19th century /
_cF.N. Zagorskii ; translated from Russian ; translation updated by the editor, Edwin A. Battison ; [translator, S.P. Pedneker].
260 _aNew Delhi :
_bPublished for the Smithsonian Institution Libraries and the National Science Foundation, Washington, D.C., by Amerind Pub. Co.,1982
_c1982.
300 _aviii, 370 p., [6] p. of plates :
_bill. ;
_c25 cm.
500 _aTranslation of: Ocherki po istorii metallorezhushchikh stankov do serediny XIX veka.
500 _aAt head of title: Academy of Sciences of the USSR, Institute of the History of Natural Sciences and Technology.
500 _a"TT 74-52036."
500 _aIncludes index.
504 _aBibliography: p. 331-335.
650 0 _aMachine-tools
_xHistory.
700 1 _aBattison, Edwin A.
710 2 _aSmithsonian Institution.
_bLibraries.
710 2 _aNational Science Foundation (U.S.)
710 2 _aInstitut istorii estestvoznaniiï¸ a︡ i tekhniki (Akademiiï¸ a︡ nauk SSSR)
942 _cBB
_k621.90209Z18
999 _c4289
_d4289